Statistics for Not Strong Enough - boygenius (Lyrics)

Click here to take the quiz!

General Stats

  • This quiz has been taken 75 times
  • The average score is 203 of 231

Answer Stats

Answer% Correct
I
100%
a
98%
enough
98%
Not
98%
strong
98%
you
98%
am
96%
an
96%
be
96%
Do
96%
don't
96%
Don't
96%
know
96%
man
96%
The
96%
the
96%
to
96%
way
96%
why
96%
your
96%
go
94%
Go
94%
Always
92%
angel
92%
Black
92%
God
92%
hole
92%
in
92%
never
92%
kitchen
90%
opened
90%
time
90%
clock's
88%
can't
86%
Cry"
86%
different
86%
Every
86%
staring
86%
Stop
86%
at
84%
ceiling
84%
it
84%
It
84%
out
84%
through
84%
and
82%
"Boys
82%
energy
82%
fix
82%
Just
82%
tried
82%
Drag
80%
expectations
80%
fan
80%
racing
80%
see
80%
Singing
80%
that
80%
about
78%
canyon
78%
lowering
78%
only
78%
take
78%
would
78%
lied
76%
pavement?
76%
Spinning
76%
happened
73%
haven't
73%
home
73%
off
73%
second
73%
things
73%
us
73%
Breathing
71%
getting
71%
guessing
71%
having
71%
revelations
71%
scraped
71%
static
71%
think
71%
up
71%
been
69%
Half
69%
I've
69%
keeps
69%
my
69%
other
69%
something
69%
eyes
67%
There's
67%
Close
65%
front
65%
seat
63%
Skip
63%
count
61%
mind
61%
old
61%
Coming
59%
our
59%
exit
57%
alone
55%
empty
55%
street
55%
nearly
53%

Score Distribution

Percentile by Number Answered

Percent of People with Each Score

Your Score History

You have not taken this quiz